| 000 | 00603nam a2200217Ia 4500 | ||
|---|---|---|---|
| 008 | 220216s9999 xx 000 0 und d | ||
| 100 | _aZhang X | ||
| 245 | 4 | _aThe effect of epoxidation on strain-induced crystallization of epoxidized natural rubber | |
| 260 |
_bMacromolecular Rapid Communication _c2019 |
||
| 500 | _aSource Year: 2019 | ||
| 650 | _aEpoxidation | ||
| 650 | _aEpoxidized natural rubber | ||
| 700 | _aLu Y | ||
| 700 | _aNiu K | ||
| 700 | _aSong W | ||
| 700 | _aYan S | ||
| 700 | _aZhang L | ||
| 700 | _aZhao X | ||
| 856 | _uOnline doi: 10.1002/marc.201900042 | ||
| 942 | _cJS | ||
| 999 |
_c70612 _d70612 |
||